15 capitales les plus peuplées - Statistiques

Statistiques générales
  • Ce quiz a été pris 104 fois
  • Le résultat moyen est 10 sur 15
Statistiques - réponses
Population Villes % Correct
21 900 000 Pékin/Beijing
94%
14 000 000 Tokyo
92%
13 100 000 Moscou
89%
16 800 000 New Delhi
81%
9 700 000 Londres
78%
9 200 000 Mexico
73%
10 600 000 Jakarta
68%
10 200 00 Le Caire
66%
10 000 000 Séoul
66%
8 200 000 Bangkok
57%
8 900 000 Dacca
48%
7 600 000 Bogota
45%
8 700 000 Téhéran
38%
10 600 000 Lima
35%
8 100 000 Bagdad
30%
Aucun quiz correspondant
Distribution des résultats
% des personnes avec chaque résultat
Percentile par nombre de réponses
Votre historique - résultats
Vous n’avez pas pris ce quiz